| Поле | Название | Значение |
| |
Тип записи |
a |
| |
Библиографический уровень |
m |
| 001 |
Контрольный номер |
RU/IS/BASE/287142669 |
| 005 |
Дата корректировки |
20201206204624.8 |
| 010 |
Индекс ISBN |
__ |
| a |
ISBN |
5-8354-0390-9. - 978-5-8354-0390-5 |
| d |
Цена |
325-00 |
| 101 |
Язык документа |
__ |
| a |
Язык текста |
rus |
| c |
Язык оригинала |
rus |
| 200 |
Заглавие и сведения об ответственности |
1_ |
| a |
Заглавие |
Избранные труды о юридических лицах, объектах гражданских правоотношений и организации их оборота |
| e |
Сведения, относящиеся к заглавию |
в 2 т. |
| f |
Первые сведения об ответственности |
В. Б. Ельяшевич ; [МГУ им. М.В. Ломоносова, Каф. гражд. права, Юрид. фак. ; предисл. И. П. Писков] |
| b |
Общее обозначение материала |
Текст |
| h |
Номер части |
Т. 1 |
| 210 |
Выходные данные |
__ |
| a |
Место издания |
М. |
| c |
Издательство |
Статут |
| c |
Издательство |
КонсультантПлюс |
| d |
Дата издания |
2007 |
| 215 |
Физическое описание |
__ |
| a |
Объем |
490, [2] с. |
| 225 |
Серия |
__ |
| a |
Серия |
Классика российской цивилистики |
| 300 |
Общие примечания |
__ |
| a |
Общие примечания |
Дар |
| 330 |
Аннотация |
__ |
| a |
Аннотация |
На примере конструкции юридического лица римской эпохи выявляет причины возникновения и конститутивные признаки юридического лица, свойственные всем правопорядкам, в том числе и современному российскому. |
| 605 |
Заглавие как предмет |
__ |
| a |
Заглавие |
Юридическое лицо, его происхождение и функции в римском частном праве /книга/ |
| 606 |
Тематические рубрики |
__ |
| a |
Основная рубрика |
Право |
| 606 |
Тематические рубрики |
__ |
| a |
Основная рубрика |
Гражданское право в целом |
| 610 |
Ключевые слова |
__ |
| a |
Ключевые слова |
имущественно-правовое положение; фиски; муниципии; гражданский оборот; римский юридический оборот; процессуальная правоспособность; дееспособность; история гражданского права; гражданская правоспособность; административные единицы; принципат; союзы; публиканы; юридические лица |
| 686 |
Индексы других классификаций |
__ |
| a |
Классификационный индекс |
67.404 |
| 700 |
Автор |
_1 |
| a |
Фамилия |
Ельяшевич |
| b |
Имя |
В. Б. |
| g |
Полное личное имя |
Василий Борисович |
| 4 |
Код отношения |
070 |
| 702 |
Вторичная интеллектуальная ответственность |
_1 |
| a |
Фамилия |
Покровский |
| b |
Имя |
И. А. |
| 4 |
Код отношения |
Отзыв на книгу |
| 4 |
Код отношения |
570 |
| 702 |
Вторичная интеллектуальная ответственность |
_1 |
| a |
Фамилия |
Писков |
| b |
Имя |
И. П. |
| 4 |
Код отношения |
Предисловие |
| 4 |
Код отношения |
080 |
| 801 |
Источник записи |
_0 |
| a |
Страна |
RU |
| b |
Организация |
Муниципальное бюджетное учреждение культуры "Централизованная библиотечная система" г. Сургут (Центральная городская библиотека им. А. С. Пушкина) |
| g |
Правила каталогизации |
КиК/Поспелова |
| 801 |
Источник записи |
_1 |
| a |
Страна |
RU |
| b |
Организация |
Муниципальное бюджетное учреждение культуры "Централизованная библиотечная система" г. Сургут (Центральная городская библиотека им. А. С. Пушкина) |
| g |
Правила каталогизации |
КиК/Поспелова |
| 852 |
Данные о местонахождении |
__ |
| j |
Шифр хранения |
67.404 |
| c |
Каталожный индекс |
67.404 |
| i |
Авторский знак |
Е 59 |
| 901 |
Тип документа |
__ |
| t |
Тип документа |
m |
| 903 |
Характеристики (МАРС) |
__ |
| a |
Дата передачи |
20090206 |
| 990 |
Данные о заказе (DOS) |
__ |
| j |
Количество экземпляров (DOS) |
1 |
| t |
N записи в КСУ для И/У (DOS) |
200902 |